000 00362 a2200169 4500
001 72374
020 _a8526241877
040 _cAnchieta - Colégio São Paulo
100 _aRodrigues, Sonia
240 1 0 _aA tempestade
_lpor
245 1 0 _aA tempestade
300 _a63
362 0 _a2002
440 1 _aScipione
650 4 _aLiteratura juvenil
942 _cBK
999 _c72374
_d72374